| 000 | 01381nam a2200289 4500 | ||
|---|---|---|---|
| 001 | 0000016865 | ||
| 003 | CO-CtgCURN | ||
| 005 | 20250429224117.0 | ||
| 007 | ta | ||
| 008 | 160627s1998 000 0 eng d | ||
| 020 | _a958350193X | ||
| 040 |
_aCO-CtgCURN _bspa _ccoctgcurn |
||
| 082 | 0 |
_a347.9 _bB34p |
|
| 100 | 1 | _aBejarano Guzmán, Ramiro. | |
| 245 | 1 | 0 |
_aProcesos declarativos : _bciviles, agrarios, de familia, arbitramento / _cRamiro Bejarano Guzmán. |
| 260 |
_aBogotá : _bTemis, _c1998. |
||
| 300 | _axxiii, 408 p. | ||
| 336 | _2rdacontent | ||
| 337 |
_2rdamedia _asin mediacion _bn |
||
| 338 |
_2rdacarrier _avolumen _bnc |
||
| 504 | _aBibliografia (p. 389-390) | ||
| 505 | 8 | _aAspectos basicos y preliminares en el estudio de los procesos declarativos.--De los procesos ordinarios.--Del proceso abreviado.--De los procesos abreviados con disposciones especiales.--De las acciones populares y de la Acción cumplimiento.--Proceso de restitucion del inmueble arrendado.--De los procesos verbales.--Procesos verbales con disposiciones especiales y procesos de familia.--Procesos de expropacion.--Proceso de deslinde y amojonamiento.--Procesos divisorios.--Proceso arbitral | |
| 650 | 1 | 4 |
_aConciliacion (Derecho civil) _zColombia. |
| 908 | _a160627 | ||
| 942 |
_cBK _h347.9 _iB34p _2ddc |
||
| 999 |
_c39273 _d39273 |
||